| 000 | 00506nam a22001697a 4500 | ||
|---|---|---|---|
| 999 |
_c2878 _d2878 |
||
| 003 | AR-CdUCM | ||
| 008 | 190227b ||||| |||| 00| 0 spa d | ||
| 040 |
_aMUNICIPALIDAD PROVINCIAL DEL CUSCO _cBIBLIOTECA MUNICIPAL DEL CUSCO |
||
| 082 |
_a869.56 / _bA59 |
||
| 245 | _aAntología de la joven poesía amorosa del Perú / | ||
| 260 |
_a[Lima] : _bNuevo Arte, _c[1977] |
||
| 300 |
_a[34] páginas ; _c21 cm. |
||
| 650 |
_aPoesía peruana _9806 |
||
| 650 |
_aSiglo XX _98 |
||
| 942 |
_2ddc _cLIBROS |
||
| 945 | _arac | ||